| 000 | 00670nam a22001935i 4500 | ||
|---|---|---|---|
| 001 | 166169 | ||
| 003 | ES-MaACL | ||
| 005 | 20230906213258.0 | ||
| 008 | 961129s1872 sp |||| | spa d | ||
| 040 |
_aCYL _bspa _cCYL |
||
| 100 | 1 |
_aTerradillos, Ángel María. _9133185 |
|
| 245 | 1 | 0 |
_aLecciones elementales de retórica y poética ó sea de literatura preceptiva / _cpor Don Ángel María Terradillos. |
| 250 | _a7ª ed. | ||
| 260 |
_aMadrid : _bImprenta y librería de Gregorio Hernando, _c1872. |
||
| 300 |
_aVIII, 172, [4] p. ; _c19 cm. |
||
| 650 | 0 | 4 |
_aRetórica. _916882 |
| 650 | 0 | 4 |
_aPoética. _916254 |
| 852 |
_aES-MaACL _jC-3015 _z-- Enc. hol. deteriorada |
||
| 999 |
_c166169 _d166169 |
||